000 00300nam a22001337a 4500
008 181102b xxu||||| |||| 00| 0 eng d
020 _a0214853103
041 _aeng
080 _a316
100 _a50
101 _aSOC
245 _aMoral Contemporary Moral Problems
_cJames.W
942 _2udc
_cBK
999 _c51613
_d51613